[Event "Hessen-ch U14/U18 Girls"]
[Site "Bad Homburg"]
[Date "2015.04.03"]
[Round "7"]
[White "Le, Mai Linh Lisa"]
[Black "Schneider, Stefanie"]
[Result "1/2-1/2"]
[WhiteElo "1198"]
[BlackElo "1337"]
[PlyCount "28"]
[EventDate "2015.03.30"]
[EventType "swiss"]
[EventRounds "7"]
[EventCountry "GER"]
[SourceTitle "EXT 2017"]
[Source "ChessBase"]
[SourceDate "2016.10.25"]
[SourceVersion "1"]
[SourceVersionDate "2016.10.25"]
[SourceQuality "1"]

1. d4 d5 2. c4 e6 3. Nc3 Nf6 4. Bg5 Be7 5. e3 0-0 6. Nf3 Nbd7 7. Bd3 c5 8. 0-0 cxd4 9. exd4 dxc4 10. Bxc4 Nb6 11. Bb3 Nfd5 12. Bxe7 Qxe7 13. Nxd5 Nxd5 14. Re1 Qf6 1/2-1/2

[Event "Hessen-ch U14/U18 Girls"]
[Site "Bad Homburg"]
[Date "2015.03.30"]
[Round "2"]
[White "Schneider, Stefanie"]
[Black "Maar, Patricia"]
[Result "1-0"]
[WhiteElo "1337"]
[BlackElo "1385"]
[PlyCount "119"]
[EventDate "2015.03.30"]
[EventType "swiss"]
[EventRounds "7"]
[EventCountry "GER"]
[SourceTitle "EXT 2017"]
[Source "ChessBase"]
[SourceDate "2016.10.25"]
[SourceVersion "1"]
[SourceVersionDate "2016.10.25"]
[SourceQuality "1"]

1. e4 e6 2. d4 d5 3. e5 c5 4. c3 Nc6 5. Ne2 Qb6 6. g3 Nge7 7. b3 Nf5 8. Bb2 Be7 9. Bg2 0-0 10. 0-0 f6 11. f4 Ne3 12. Qd3 Nxf1 13. Kxf1 c4 14. Qc2 fxe5 15. dxe5 Nxe5 16. Nd4 Ng4 17. Qe2 e5 18. Bxd5+ Kh8 19. h3 Bf5 20. Nxf5 Rxf5 21. hxg4 Rff8 22. Qxe5 Rae8 23. Qd4 Bc5 24. Qd2 Be3 25. Qh2 Bf2 26. Qxf2 Qxf2+ 27. Kxf2 Re7 28. Bxc4 Rfe8 29. Nd2 Rd8 30. Nf3 Rdd7 31. a4 a5 32. Ba3 Re4 33. Re1 Rxe1 34. Kxe1 b6 35. Ne5 Rc7 36. Kd2 h6 37. b4 Kh7 38. bxa5 bxa5 39. Bd3+ Kg8 40. Bg6 Rb7 41. Bf7+ Kh8 42. c4 Rb3 43. c5 Rb8 44. c6 Rc8 45. Be6 Rd8+ 46. Bd7 Rb8 47. c7 Ra8 48. c8Q+ Rxc8 49. Bxc8 Kg8 50. Be6+ Kh7 51. Nc6 Kh8 52. Nxa5 Kh7 53. Nc6 g5 54. f5 Kg7 55. a5 Kf6 56. a6 Kg7 57. a7 Kh7 58. a8Q Kg7 59. Qf8+ Kh7 60. Qg8# 1-0

[Event "GER-chT U20 Girls"]
[Site "Osnabrueck"]
[Date "2011.12.30"]
[Round "7.2"]
[White "Evers, Annika"]
[Black "Schneider, Stefanie"]
[Result "1-0"]
[WhiteElo "1731"]
[BlackElo "1134"]
[PlyCount "61"]
[EventDate "2011.12.27"]
[EventType "team-swiss"]
[EventRounds "7"]
[EventCountry "GER"]
[SourceTitle "CBM 146 Extra"]
[Source "ChessBase"]
[SourceDate "2012.02.29"]
[SourceVersion "1"]
[SourceVersionDate "2012.02.29"]
[SourceQuality "1"]
[WhiteTeam "Leipzig Lindenau (W)"]
[BlackTeam "Kassel (W)"]
[WhiteTeamCountry "GER"]
[BlackTeamCountry "GER"]

1. d4 d5 2. Nf3 Nf6 3. e3 Bf5 4. c4 e6 5. Nc3 Bb4 6. Qa4+ Nc6 7. Ne5 Bxc3+ 8. bxc3 0-0 9. Nxc6 bxc6 10. Qxc6 Be4 11. f3 dxc4 12. fxe4 Qd6 13. Qxd6 cxd6 14. Bxc4 Nxe4 15. Bd2 Rfc8 16. Ba6 Rc7 17. c4 Rb8 18. Ba5 Re7 19. 0-0 f5 20. Rab1 Rbe8 21. Rb7 Rxb7 22. Bxb7 Nf6 23. Rb1 h6 24. h3 g5 25. Bc6 Rc8 26. Bb5 e5 27. dxe5 dxe5 28. Bc3 Ne4 29. Bxe5 Nd2 30. Rc1 a5 31. Bc3 1-0